Plotin, Traités 22-26 [22. et 23. Sur la raison pour laquelle l’être, un et identique, est partout tout entier. 24. Sur le fait que ce qui est au-delà de l’être n’intellige pas, et sur ce que sont les principes premier et second d’intellection. 25. Sur le sens de « en puissance » et « en acte. » 26. Sur l’impassibilité des incorporels. Présentés, traduits et annotés par Richard Dufour, Jérôme Laurent et Laurent Lavaud sous la direction de L. Brisson et J.-F. Pradeau], Paris, Flammarion, 2004, 258 p. (notice n° 1661608)
[ vue normale ]
| 000 -LEADER | |
|---|---|
| fixed length control field | 00983cam a2200145 4500500 |
| 005 - DATE AND TIME OF LATEST TRANSACTION | |
| control field | 20260208024100.0 |
| 041 ## - LANGUAGE CODE | |
| Language code of text/sound track or separate title | fre |
| 042 ## - AUTHENTICATION CODE | |
| Authentication code | dc |
| 100 10 - MAIN ENTRY--PERSONAL NAME | |
| Personal name | Lisi, Francisco L. |
| Relator term | author |
| 245 00 - TITLE STATEMENT | |
| Title | Plotin, Traités 22-26 [22. et 23. Sur la raison pour laquelle l’être, un et identique, est partout tout entier. 24. Sur le fait que ce qui est au-delà de l’être n’intellige pas, et sur ce que sont les principes premier et second d’intellection. 25. Sur le sens de « en puissance » et « en acte. » 26. Sur l’impassibilité des incorporels. Présentés, traduits et annotés par Richard Dufour, Jérôme Laurent et Laurent Lavaud sous la direction de L. Brisson et J.-F. Pradeau], Paris, Flammarion, 2004, 258 p. |
| 260 ## - PUBLICATION, DISTRIBUTION, ETC. | |
| Date of publication, distribution, etc. | 2005.<br/> |
| 500 ## - GENERAL NOTE | |
| General note | 12 |
| 786 0# - DATA SOURCE ENTRY | |
| Note | Les Études philosophiques | 72 | 1 | 2005-03-01 | p. 117t-142t | 0014-2166 |
| 856 41 - ELECTRONIC LOCATION AND ACCESS | |
| Uniform Resource Identifier | <a href="https://shs.cairn.info/revue-les-etudes-philosophiques-2005-1-page-117t?lang=fr&redirect-ssocas=7080">https://shs.cairn.info/revue-les-etudes-philosophiques-2005-1-page-117t?lang=fr&redirect-ssocas=7080</a> |
Pas d'exemplaire disponible.




Réseaux sociaux